Mega Quiz - Statistiques

Statistiques générales
  • Ce quiz a été pris 17 fois
    4 depuis la dernière actualisation
  • Le résultat moyen est 160 sur 465
Statistiques - réponses
Catégorie Réponse % Correct
Pays France
100%
Pays Afghanistan
50%
Pays Afrique du sud
50%
Département Ain
50%
Département Aisne
50%
État Alabama
50%
Pays Albanie
50%
Pays Algérie
50%
Pays Allemagne
50%
Département Allier
50%
Département Alpes-De-Haute-Provence
50%
Département Alpes Maritimes
50%
Pays Andorre
50%
Pays Angola
50%
Pays Antigua-et-Barbuda
50%
Pays Arabie Saoudite
50%
Département Ardèche
50%
Département Ardennes
50%
Élément Argent
50%
Département Ariège
50%
État Arizona
50%
État Arkansas
50%
Pays Arménie
50%
Département Aube
50%
Département Aude
50%
Pays Australie
50%
Pays Autriche
50%
Département Aveyron
50%
Pays Azerbaïdjan
50%
Élément Azote
50%
Pays Bangladesh
50%
Département Bas-Rhin
50%
Pays Belgique
50%
Pays Belize
50%
Élément Béryllium
50%
Pays Bhoutan
50%
Pays Biélorussie
50%
Pays Birmanie
50%
Pays Bolivie
50%
Pays Bosnie-Herzégovine
50%
Pays Botswana
50%
Département Bouches-Du-Rhône
50%
Pays Brésil
50%
Pays Brunei
50%
Pays Bulgarie
50%
Pays Burkina Faso
50%
Pays Burundi
50%
État Californie
50%
Département Calvados
50%
Pays Cambodge
50%
Pays Canada
50%
Département Cantal
50%
Élément Carbone
50%
État Caroline du Nord
50%
État Caroline du Sud
50%
Élément Césium
50%
Département Charente
50%
Département Charente-Maritime
50%
Département Cher
50%
Pays Chili
50%
Pays Chine
50%
Élément Chlore
50%
Pays Chypre
50%
Pays Colombie
50%
État Colorado
50%
État Connecticut
50%
Département Corse-Du-Sud
50%
Pays Costa Rica
50%
Pays Côte d'Ivoire
50%
Département Côte-d'Or
50%
Département Cotes-d'Armor
50%
Département Creuse
50%
Pays Croatie
50%
Pays Cuba
50%
Élément Cuivre
50%
Élément Curium
50%
État Dakota du Nord
50%
État Dakota du Sud
50%
Pays Danemark
50%
État Delaware
50%
Département Deux-Sèvres
50%
Pays Djibouti
50%
Pays Dominique
50%
Département Dordogne
50%
Département Doubs
50%
Département Drôme
50%
Pays Égypte
50%
Élément Einsteinium
50%
Pays Émirats Arabes Unis
50%
Pays Équateur
50%
Pays Érythrée
50%
Pays Espagne
50%
Département Essone
50%
Pays Estonie
50%
Pays Eswatini
50%
Pays États Fédérés de Micronésie
50%
Pays États-Unis
50%
Département Eure
50%
Département Eure-et-Loir
50%
Élément Fer
50%
Pays Fidji
50%
Département Finistère
50%
Pays Finlande
50%
Élément Fluor
50%
Pays Gabon
50%
Département Gard
50%
Pays | État Géorgie
50%
Département Gers
50%
Département Gironde
50%
Pays Grèce
50%
Département Guadeloupe
50%
Pays Guatemala
50%
Pays Guinée
50%
Pays Guinée-Bissau
50%
Pays Guinée Équatoriale
50%
Pays Guyana
50%
Département Guyane
50%
Pays Haïti
50%
Département Haute-Corse
50%
Département Haute-Garonne
50%
Département Haute-Loire
50%
Département Haute-Marne
50%
Département Hautes Alpes
50%
Département Haute-Saône
50%
Département Haute-Savoie
50%
Département Hautes-Pyrénées
50%
Département Haute Vienne
50%
Département Haut-Rhin
50%
Département Hauts-de-Seine
50%
Élément Hélium
50%
Pays Honduras
50%
Pays Hongrie
50%
Pays Îles Marshall
50%
Pays Îles Salomon
50%
Département Ille-et-Vilaine
50%
État Illinois
50%
Pays Inde
50%
État Indiana
50%
Pays Indonésie
50%
Département Indre
50%
Département Indre-et-Loire
50%
État Iowa
50%
Pays Irak
50%
Pays Iran
50%
Pays Irlande
50%
Département Isère
50%
Pays Islande
50%
Pays Italie
50%
Pays Jamaïque
50%
Pays Japon
50%
Pays Jordanie
50%
Département Jura
50%
État Kansas
50%
État Kentucky
50%
Pays Kenya
50%
Pays Kirghizistan
50%
Pays Kiribati
50%
Pays Koweït
50%
Département Landes
50%
Pays Laos
50%
Département La Réunion
50%
Pays Lesotho
50%
Pays Lettonie
50%
Pays Liban
50%
Pays Liberia
50%
Pays Libye
50%
Pays Liechtenstein
50%
Élément Lithium
50%
Pays Lituanie
50%
Département Loire
50%
Département Loire-Atlantique
50%
Département Loiret
50%
Département Loir-et-Cher
50%
Département Lot
50%
Département Lot-et-Garonne
50%
État Louisiane
50%
Département Lozère
50%
Pays Luxembourg
50%
Pays Macédoine du Nord
50%
État Maine
50%
Département Maine-et-Loire
50%
Pays Malaisie
50%
Pays Malawi
50%
Pays Mali
50%
Pays Malte
50%
Département Manche
50%
Élément Manganèse
50%
Département Marne
50%
Pays Maroc
50%
Département Martinique
50%
État Massachusetts
50%
Pays Maurice
50%
Pays Mauritanie
50%
Département Mayenne
50%
Département Mayotte
50%
Département Meurthe-et-Moselle
50%
Département Meuse
50%
Pays Mexique
50%
État Michigan
50%
État Mississippi
50%
État Missouri
50%
Pays Mongolie
50%
État Montana
50%
Pays Monténégro
50%
Département Morbihan
50%
Élément Néon
50%
État New Hampshire
50%
État New Jersey
50%
État New York
50%
Pays Nicaragua
50%
Département Nièvre
50%
Pays Niger
50%
Pays Nigeria
50%
Département Nord
50%
Pays Norvège
50%
État Nouveau-Mexique
50%
Pays Nouvelle-Zélande
50%
État Ohio
50%
Département Oise
50%
État Oklahoma
50%
Pays Oman
50%
Élément Or
50%
État Oregon
50%
Département Orne
50%
Pays Ouganda
50%
Pays Ouzbékistan
50%
Élément Oxygène
50%
Pays Pakistan
50%
Pays Palaos
50%
Pays Panama
50%
Pays Paraguay
50%
Département Paris
50%
Département Pas-de-Calais
50%
Pays Pays-Bas
50%
État Pennsylvanie
50%
Pays Pérou
50%
Pays Philippines
50%
Pays Pologne
50%
Élément Polonium
50%
Pays Portugal
50%
Élément Potassium
50%
Département Puy-de-Dôme
50%
Département Pyrénées-Atlantiques
50%
Département Pyrénées-Orientales
50%
Pays Qatar
50%
Élément Radium
50%
Pays République Démocratique du Congo
50%
Pays République Dominicaine
50%
Pays République du Congo
50%
Pays République Tchèque
50%
État Rhode Island
50%
Département Rhône
50%
Pays Royaume-Uni
50%
Pays Russie
50%
Pays Saint-Christophe-et-Niévès
50%
Pays Sainte-Lucie
50%
Pays Saint-Marin
50%
Pays Saint-Vincent-et-les-Grenadines
50%
Pays Samoa
50%
Département Saône-et-Loire
50%
Pays Sao Tomé-et-Principe
50%
Département Sarthe
50%
Département Savoie
50%
Département Seine-et-Marne
50%
Département Seine-Maritime
50%
Pays Serbie
50%
Pays Seychelles
50%
Pays Sierra Leone
50%
Élément Silicium
50%
Pays Singapour
50%
Pays Slovaquie
50%
Pays Slovénie
50%
Pays Somalie
50%
Département Somme
50%
Pays Soudan
50%
Pays Soudan du Sud
50%
Pays Suède
50%
Pays Suriname
50%
Pays Syrie
50%
Pays Tadjikistan
50%
Pays Taïwan
50%
Pays Tanzanie
50%
Département Tarn
50%
Département Tarn-et-Garonne
50%
Pays Tchad
50%
Élément Tennesse
50%
Département Territoire-de-Belfort
50%
Pays Timor Oriental
50%
Pays Togo
50%
Pays Tonga
50%
Pays Trinité-et-Tobago
50%
Élément Tungstène
50%
Pays Tunisie
50%
Pays Turkménistan
50%
Pays Turquie
50%
Pays Tuvalu
50%
Élément Uranium
50%
Pays Uruguay
50%
État Utah
50%
Département Val-de-Marne
50%
Département Val-d'Oise
50%
Pays Vanuatu
50%
Département Var
50%
Pays Vatican
50%
Département Vaucluse
50%
Département Vendée
50%
Pays Venezuela
50%
Département Vienne
50%
Pays Viêt Nam
50%
État Virginie
50%
État Virginie-Occidentale
50%
Département Vosges
50%
État Washington
50%
État Wisconsin
50%
État Wyoming
50%
Pays Yémen
50%
Département Yvelines
50%
Élément Zinc
50%
Élément Actinium
0%
État Alaska
0%
Élément Aluminium
0%
Élément Américium
0%
Élément Antimoine
0%
Pays Argentine
0%
Élément Argon
0%
Élément Arsenic
0%
Élément Astate
0%
Pays Bahamas
0%
Pays Bahreïn
0%
Pays Barbade
0%
Élément Baryum
0%
Pays Bénin
0%
Élément Berkelium
0%
Élément Bismuth
0%
Élément Bohrium
0%
Élément Bore
0%
Élément Brome
0%
Élément Cadmium
0%
Élément Calcium
0%
Élément Californium
0%
Pays Cameroun
0%
Pays Cap-Vert
0%
Élément Cérium
0%
Élément Chrome
0%
Élément Cobalt
0%
Pays Comores
0%
Élément Copernicium
0%
Pays Corée du Nord
0%
Pays Corée du Sud
0%
Département Corrèze
0%
Élément Darmstadtium
0%
Élément Dubnium
0%
Élément Dysprosium
0%
Élément Erbium
0%
Élément Étain
0%
Pays Éthiopie
0%
Élément Europium
0%
Élément Fermium
0%
Élément Flérovium
0%
État Floride
0%
Élément Francium
0%
Élément Gadolinium
0%
Élément Gallium
0%
Pays Gambie
0%
Élément Germanium
0%
Pays Ghana
0%
Pays Grenade
0%
Élément Hafnium
0%
Élément Hassium
0%
État Hawaï
0%
Département Hérault
0%
Élément Holmium
0%
Élément Hydrogène
0%
État Idaho
0%
Élément Indium
0%
Élément Iode
0%
Élément Iridium
0%
Pays Israël
0%
Pays Kazakhstan
0%
Pays Kosovo
0%
Élément Krypton
0%
Élément Lanthane
0%
Élément Lawrencium
0%
Élément Livermorium
0%
Élément Lutécium
0%
Pays Madagascar
0%
Élément Magnésium
0%
Pays Maldives
0%
État Maryland
0%
Élément Meitnérium
0%
Élément Mendelevium
0%
Élément Mercure
0%
État Minnesota
0%
Pays Moldavie
0%
Élément Molybdène
0%
Pays Monaco
0%
Élément Moscovium
0%
Département Moselle
0%
Pays Mozambique
0%
Pays Namibie
0%
Pays Nauru
0%
État Nebraska
0%
Élément Néodyme
0%
Pays Népal
0%
Élément Neptunium
0%
État Nevada
0%
Élément Nickel
0%
Élément Nihonium
0%
Élément Niobium
0%
Élément Nobelium
0%
Élément Oganesson
0%
Élément Osmium
0%
Élément Palladium
0%
Pays Papouasie-Nouvelle- Guinée
0%
Élément Phosphore
0%
Élément Platine
0%
Élément Plomb
0%
Élément Plutonium
0%
Élément Praséodyme
0%
Élément Prométhium
0%
Élément Protactinium
0%
Élément Radon
0%
Pays République Centrafricaine
0%
Élément Rhénium
0%
Élément Rhodium
0%
Élément Roentgenium
0%
Pays Roumanie
0%
Élément Rubidium
0%
Élément Ruthénium
0%
Élément Rutherfordium
0%
Pays Rwanda
0%
Pays Salvador
0%
Élément Samarium
0%
Élément Scandium
0%
Élément Seaborgium
0%
Département Seine-Saint-Denis
0%
Élément Sélénium
0%
Pays Sénégal
0%
Élément Sodium
0%
Élément Soufre
0%
Pays Sri Lanka
0%
Élément Strontium
0%
Pays Suisse
0%
Élément Tantale
0%
Élément Technétium
0%
Élément Tellure
0%
État Tennessee
0%
Élément Terbium
0%
État Texas
0%
Pays Thaïlande
0%
Élément Thallium
0%
Élément Thorium
0%
Élément Thulium
0%
Élément Titane
0%
Pays Ukraine
0%
Élément Vanadium
0%
État Vermont
0%
Élément Xénon
0%
Département Yonne
0%
Élément Ytterbium
0%
Élément Yttrium
0%
Pays Zambie
0%
Pays Zimbabwe
0%
Élément Zirconium
0%
Aucun quiz correspondant
Distribution des résultats
% des personnes avec chaque résultat
Percentile par nombre de réponses
Votre historique - résultats
Vous n’avez pas pris ce quiz depuis la dernière actualisation